Living nutrition /

Bibliographic Details
Main Author: Stare, Fredrick John
Other Authors: McWilliams, Margaret
Format: Book
Language:English
Published: New York : Wiley, [1973]
Subjects:

MARC

Tag First Indicator Second Indicator Subfields
LEADER 00000pam a2200000 4500
001 in00000095084
005 20150927110635.0
008 730315s1973 nyua b 00110 eng
010 |a  73004554  
020 |a 047182075X 
035 |a (OCoLC)00601107 
035 |9 AAL6964AM 
040 |a DLC  |c DLC  |d TXA  |d UtOrBLW 
049 |a TXAM  |c [1026074] 
050 0 0 |a TX354  |b .S82 
060 0 |a QU145 S795L 1973 
082 0 |a 641.1 
100 1 |a Stare, Fredrick John. 
245 1 0 |a Living nutrition /  |c [by] Fredrick J. Stare [and] Margaret McWilliams. 
264 1 |a New York :  |b Wiley,  |c [1973] 
300 |a vii, 467 pages :  |b illustrations ;  |c 24 cm. 
336 |a text  |b txt  |2 rdacontent 
337 |a unmediated  |b n  |2 rdamedia 
338 |a volume  |b nc  |2 rdacarrier 
504 |a Includes bibliographies. 
650 0 |a Nutrition. 
650 2 |a Nutritional Physiological Phenomena. 
700 1 |a McWilliams, Margaret. 
999 |a MARS 
999 f f |s 7da0f3c5-f439-3bf0-bb94-4faa8ce7f05f  |i 0e4dae8b-b7d7-3ad7-b5ca-5c2bf1c5ea95  |t 0 
952 f f |p ric  |a Texas A&M University  |b Rellis Campus  |c Joint Library Facility  |d Remote Storage  |t 0  |e TX354 .S82  |h Library of Congress classification  |i unmediated -- volume  |m A14805671683 
998 f f |a TX354 .S82  |t 0  |l Remote Storage